| 000 | 00574nam a22001817a 4500 | ||
|---|---|---|---|
| 999 |
_c6538 _d6538 |
||
| 003 | GBCCL | ||
| 005 | 20241126110605.0 | ||
| 008 | 180517b ||||| |||| 00| 0 eng d | ||
| 020 | _a0060243708 | ||
| 040 | _cgbc | ||
| 082 |
_a973.0496073 _bMYE |
||
| 100 |
_aMyers, Walter Dean _d1937 - 2014 _911247 |
||
| 245 |
_aNow is your time!: _bThe African-American struggle for freedom / _cWalter Dean Myers |
||
| 260 |
_aNew York: _bHarper Collins, _c1991 |
||
| 300 |
_a292 p.; _bill., port., _c23 cm. |
||
| 650 |
_aAfro-Americans _vHistory _xJuvenile Literature _911706 |
||
| 942 |
_2ddc _cBK |
||